The theory of differential equations (Record no. 4409)

MARC details
000 -LEADER
fixed length control field 00560 a2200181 4500
000 - LEADER
fixed length control field BKB
001 - CONTROL NUMBER
control field 071052
005 - DATE AND TIME OF LATEST TRANSACTION
control field 20200902150921.0
008 - FIXED-LENGTH DATA ELEMENTS--GENERAL INFORMATION
fixed length control field
082 ## - DEWEY DECIMAL CLASSIFICATION NUMBER
Classification number 515.382
Item number K29T
100 1# - MAIN ENTRY--PERSONAL NAME
Personal name Kelley, Walter G.
245 1# - TITLE STATEMENT
Title The theory of differential equations
Statement of responsibility, etc by Walter G. Kelley and Allan C. Paterson
250 ## - EDITION STATEMENT
Edition statement 2nd ed.
260 ## - PUBLICATION, DISTRIBUTION, ETC. (IMPRINT)
Place of publication, distribution, etc New York
Name of publisher, distributor, etc Springer
Date of publication, distribution, etc 2010
300 ## - PHYSICAL DESCRIPTION
Extent 423p.
690 ## - LOCAL SUBJECT ADDED ENTRY--TOPICAL TERM (OCLC, RLIN)
Topical term or geographic name as entry element Differential equations; Mathematics; Differentiable dynamical systems
700 ## - ADDED ENTRY--PERSONAL NAME
Personal name Paterson, Allan C.
Numeration
Titles and other words associated with a name
Holdings
Withdrawn status Lost status Damaged status Not for loan Home library Current library Date acquired Cost, normal purchase price Total Checkouts Full call number Barcode Date last seen Price effective from Koha item type
        Central University Of Rajasthan Central University Of Rajasthan 07/03/2012 3407.45   515.382 K29T 5339 21/11/2024 02/09/2020 Books